Origenes portorriqueños (Record no. 173484)

MARC details
000 -LEADER
campo de control de longitud fija 00662nam a2200181 i 4500
001 - NÚMERO DE CONTROL
campo de control 173484
003 - IDENTIFICADOR DE NÚMERO DE CONTROL
campo de control ES-MaACL
005 - FECHA Y HORA DE LA ÚLTIMA TRANSACCIÓN
campo de control 20230906215243.0
008 - DATOS DE LONGITUD FIJA--INFORMACIÓN GENERAL
campo de control de longitud fija 091203s1942 pr f |||| |dspa d
080 ## - NÚMERO DE LA CLASIFICACIÓN DECIMAL UNIVERSAL
Número de la Clasificación Decimal Universal 929.1(729.5)
100 1# - ENTRADA PRINCIPAL--NOMBRE DE PERSONA
Nombre de persona Ramírez Brau, Enrique.
9 (RLIN) 153613
245 10 - MENCIÓN DEL TÍTULO
Título Origenes portorriqueños
Resto del título : (Don Antonio Ramírez de Arellano y sus descendientes).
Nombre de parte o sección de la obra del año 1653 al 1853 /
Mención de responsabilidad, etc. por Enrique Ramírez Brau.
260 ## - PUBLICACIÓN, DISTRIBUCIÓN, ETC.
Lugar de publicación, distribución, etc. San Juan [Puerto Rico :
Nombre del editor, distribuidor, etc. s.n.],
Fecha de publicación, distribución, etc. 1942 (
Fabricante Imp. Baldrich)
300 ## - DESCRIPCIÓN FÍSICA
Extensión 243 p. :
Otras características físicas 10 h. de lám. ;
Dimensiones 25 cm.
594 ## - Nota al título y mención de responsabilidad
Nota al título y mención de responsabilidad Datos tomados de cub.
651 #4 - PUNTO DE ACCESO ADICIONAL DE MATERIA--NOMBRE GEOGRÁFICO
Nombre geográfico Puerto Rico-
Subdivisión general Genealogía.
9 (RLIN) 163232
852 ## - LOCALIZACIÓN
Ubicación ES-MaACL
Número de control de estantería C-56968
Holdings
Estatus retirado Estado de pérdida Estado de daño No para préstamo Biblioteca de origen Biblioteca actual Ubicación en estantería Fecha de adquisición Fuente de adquisición Total de préstamos Signatura topográfica completa Código de barras Visto por última vez Precio de reemplazo Tipo de ítem Koha
        Biblioteca del Ateneo de Madrid Biblioteca del Ateneo de Madrid Depósito 2 03/12/2009     C-56968 1182063 23/02/2023 23/02/2023 Libro impreso